Sports Quiz

Random Sports or Europe Quiz
Score 0/13 Timer 10:00
0 Plays Today
Team Driver % Correct
Prema PowerteamArthur Leclerc
100%
Meastro MotorsportTBA
92.9%
Prema PowerteamGianluca Petecof
92.9%
Prema PowerteamRoman Stanek
90%
US RacingDavid Vidales
85.7%
Gillian Track EventsGillian Henrion
78.6%
KIC MotorsportPatrik Pasma
75%
KIC MotorsportKonsta Lappalainen
75%
Prema Powerteam Oliver Rasmussen
71.4%
DR FormulaEmidio Pesco
64.3%
Van Amersfoort RacingAlessandro Famularo
57.1%
Van Amersfoort RacingPierre-louis Chovet
50%
Monolite RacingAndrea Cola
50%
Come Together.
Have Fun.
All Virtual.
We all need to come together. Play Sporcle's virtual live trivia to have fun, connect with people, and get your trivia on. Join a live hosted trivia game for your favorite pub trivia experience done virtually. If a virtual private party is more your thing, go here for details.

You're not logged in!

Compare scores with friends on all Sporcle quizzes.
OR
Log In

Sporcle TV

Today on Sporcle TV


Watch our educational content, quiz creation guides, and fun videos on Sporcle TV.

Show Comments

Extras

Top Quizzes Today


Score Distribution

Paid Content

Your Account Isn't Verified!

In order to create a playlist on Sporcle, you need to verify the email address you used during registration. Go to your Sporcle Settings to finish the process.

Report this User

Report this user for behavior that violates our Community Guidelines.

Details: